| 000 | 00675nam a2200181Ia 4500 | ||
|---|---|---|---|
| 005 | 20250423095324.0 | ||
| 008 | 250422s9999 xx 000 0 und d | ||
| 020 | _a9780802797452 | ||
| 050 | _aPZ 7.B4627 .B47/ | ||
| 100 | _aBertagna, Julie. | ||
| 245 | 0 | _aExodus | |
| 260 | _aNew York | ||
| 260 | _bWalker & Company | ||
| 260 | _c2002 | ||
| 300 | _a345 p | ||
| 650 | _aSurvival--Juvenile fiction. Voyages and travels--Juvenile fiction. Altruism--Juvenile fiction. Global warming--Juvenile fiction. Floods--Juvenile fiction. Survival--Fiction. Voyages and travels--Fiction. Altruism--Fiction. Global warming--Fiction. Floods--Fiction. Science fiction. | ||
| 942 | _cBK | ||
| 999 |
_c29920 _d29920 |
||